[Event "Kupreichik Memorial Open 2018"]
[Site "Minsk"]
[Date "2018.06.23"]
[Round "9"]
[White "Andreikin, Dmitry"]
[Black "Nikitenko, Mihail"]
[Result "1-0"]
[WhiteElo "2702"]
[BlackElo "2371"]
[Annotator "TA"]
[PlyCount "129"]
[EventDate "2018.06.21"]
[EventCountry "BLR"]
[SourceTitle "playchess.com"]
[Source "ChessBase"]
[SourceQuality "1"]

{[%evp 12,129,8,6,3,0,0,0,46,0,23,8,8,9,72,27,34,4,12,2,0,-50,-59,-98,-87,-87,-84,-89,-83,-113,-100,-120,-109,-108,-89,-86,-94,-88,-78,-72,-70,-70,-76,-79,-70,-112,-109,-105,-91,-96,-107,-99,-89,-94,-85,-80,-70,-68,-77,-79,-72,-136,-125,-188,-170,-191,-137,-200,-137,-200,-196,-209,-216,-221,-219,-222,-211,-231,-232,-226,-204,-236,-220,-239,-215,-272,-279,-424,-423,-400,-339,-339,-330,-353,-365,-391,-116,-399,-283,-439,-429,-601,-597,-539,-498,-482,-449,-677,-627,-604,-572,-533,-431,-344,1954,5907,5895,1947,1952,1340]} 1. e4 e5 2. Nf3 Nc6 3. Nc3 Nf6 4. Bb5 Nd4 5. Bd3 (5. Nxd4 exd4 6. e5 dxc3 7. exf6 Qxf6 8. Qe2+ Qe7 9. dxc3 Qxe2+ 10. Kxe2 Bc5 11. Be3 Bxe3 12. Kxe3 c6 13. Bd3 d5 14. Rae1 Ke7 15. c4 dxc4 16. Bxc4 Rd8 17. Rd1 Be6 18. Bxe6 Kxe6 {½-½ (27) Carlsen,M (2843)-Ding,L (2778) Shamkir 2018}) 5... Nxf3+ 6. Qxf3 {C48: Four Knights: 4 Bb5, replies other than 4...Bb4} d6 7. Be2 {LiveBook: 3 Games} Be6 $146 ({Predecessor:} 7... g6 8. d3 Bg7 9. Qg3 Be6 10. f4 exf4 11. Bxf4 O-O 12. d4 Qd7 {½-½ (60) Kosintseva,N (2388)-Wang,Y (2368) Goa 2002}) 8. O-O {The position is equal.} Be7 9. Qg3 Qd7 10. d3 (10. Qxg7 Rg8 $15) 10... O-O-O 11. f4 exf4 $1 12. Bxf4 h5 (12... Kb8 $11 {remains equal.}) 13. a4 Kb8 14. Qe3 a6 $1 15. b4 d5 $1 {[%cal Rd5d4]} 16. Qb6 dxe4 17. dxe4 Qd4+ 18. Qxd4 Rxd4 19. b5 Bb4 ({Of course not} 19... Nxe4 20. Nxe4 Rxe4 21. Bd3 $11) 20. Nd1 axb5 21. c3 Rxe4 22. cxb4 {Hoping for Nc3.} Nd5 {aiming for ...bxa4.} 23. Bxc7+ Nxc7 24. Nc3 Re3 25. Rf3 Rxf3 26. Bxf3 bxa4 27. Nxa4 Bd5 28. Nb6 Bxf3 29. Nd7+ Kc8 30. Nb6+ Kd8 31. gxf3 $17 {[%mdl 4096] Endgame KRN-KRN} Rh6 32. Rd1+ Ke8 33. Nc8 Rf6 34. Nd6+ Ke7 35. Nxb7 Rxf3 36. Na5 (36. Nd6 $142) 36... Rc3 37. Rd4 (37. Re1+ $17 Ne6 38. Rd1) 37... Rc1+ $19 38. Kf2 Ne6 (38... Rc2+ $19 39. Kg3 Ne6) 39. Rd5 (39. Rd2 $17) 39... Nf4 40. Rd4 (40. Rd2 $17 {was worth a try.}) 40... g5 $1 41. b5 {[#]} Rb1 $1 42. Nc6+ Ke6 43. Ra4 Kd5 44. h4 f6 45. Ne7+ Kd6 46. Nc8+ Kd7 47. Nb6+ Ke6 48. Ra6 Nd3+ 49. Ke3 (49. Kg2 {might work better.}) 49... Nc5 50. Ra5 Nb7 51. Ra7 Nd6 ({Worse is} 51... Rxb5 52. Rxb7 Kf5 53. hxg5 $11) 52. hxg5 fxg5 ({But not} 52... Rxb5 53. Ra6 $19) 53. Rh7 {[#]} Rb3+ $2 (53... Nf5+ $1 $19 {is more deadly.} 54. Kf2 h4) 54. Ke2 $2 {[%mdl 8192]} (54. Kd4 $17) 54... Ne4 55. Na8 (55. Nc4 $142) 55... Nf6 56. Nc7+ (56. Rh8 $142) 56... Kf5 57. Rf7 Kg6 58. Re7 g4 {[%cal Bg5g4,Bg4g3][%mdl 32]} 59. Re6 (59. Re3 $142 Rb2+ 60. Kf1) 59... Kf5 60. Rc6 g3 61. Ne6 {Strongly threatening Nd4+.} Ke5 62. Ng5 Nd5 $4 {[%mdl 8192]} (62... Kf4 $19 63. Ne6+ Ke5) 63. Nf3+ $18 {White is clearly winning.} Kf4 64. Rc4+ Kf5 65. Nd4+ {Precision: White = 42%, Black = 69%.} 1-0

[Event "Kupreichik Memorial Open 2018"]
[Site "Minsk"]
[Date "2018.06.23"]
[Round "9"]
[White "Korobov, Anton"]
[Black "Mamedov, Rauf"]
[Result "0-1"]
[WhiteElo "2667"]
[BlackElo "2708"]
[Annotator "TA"]
[PlyCount "114"]
[EventDate "2018.06.21"]
[EventCountry "BLR"]
[SourceTitle "playchess.com"]
[Source "ChessBase"]
[SourceQuality "1"]

{[%evp 21,114,3,14,-16,-16,-29,-24,-19,-17,-18,8,0,13,8,13,8,8,7,28,0,27,24,30,20,29,18,36,43,47,41,36,26,124,46,65,0,54,19,22,20,26,0,70,66,66,-14,-29,-85,-85,-86,-42,-52,15,0,0,-87,-89,-93,-71,-105,-115,-156,-156,-399,-412,-402,-364,-1358,-1237,-960,-844,-12844,-595,-583,-562,-2300,-1991,-1310,0,-475,-441,-12833,-12829,-12828,-12828,-12813,-10537,-2585,-1512,-1097,-439,-12839,-12839,-12842,-12839]} 1. d4 d5 2. c4 e6 3. Nc3 c5 4. e3 Nf6 5. Nf3 Nc6 6. a3 a6 7. b3 Be7 8. Bb2 cxd4 {D40: Queen's Gambit Declined: Semi-Tarrasch with 5 e3} 9. exd4 O-O 10. Bd3 b6 11. O-O Bb7 {LiveBook: 15 Games} 12. Qe2 Na5 13. cxd5 Nxd5 14. Nxd5 Bxd5 ({Don't play} 14... Qxd5 15. b4 $14) 15. b4 Nc6 16. Bxa6 $146 ({Predecessor:} 16. Ne5 Nxe5 17. dxe5 {0-1 (31) Caputo,J (2321)-Tempone,M (2437) Buenos Aires 2001}) 16... Bxf3 17. Qxf3 {Threatens to win with Bb7.} Nxd4 18. Qd3 Bf6 19. Rfd1 Qc7 20. Rac1 Qa7 21. Bxd4 Bxd4 22. Qxd4 {Bd3 is the strong threat.} Qxa6 23. Rc3 b5 24. h4 Qa7 25. Qe5 Qb8 26. Qe2 h6 (26... Qb7 $11) 27. Rg3 (27. Rd7 $16) 27... Ra7 28. Rd4 (28. Qb2 $14 f6 29. Qe2) 28... Re7 (28... Rc8 $11) 29. Qd2 (29. Rdg4 $5 {[%cal Rg4g7]} f6 30. Rc3 $14) 29... Qe5 30. Re3 Qf6 31. Rg4 h5 (31... Rc8 $11) 32. Rg5 $14 Rc7 33. Rc5 (33. Rxh5 $14 g6 34. Rxb5) 33... Rd8 34. Qe2 (34. Qc1 $11 {remains equal.} Rxc5 35. bxc5) 34... Rxc5 $17 35. bxc5 Qxh4 {[%mdl 4096] Endgame KQR-KQR} 36. c6 Rc8 (36... Qc4 $15 37. Qxc4 bxc4) 37. Qxb5 Qd4 38. Qb7 (38. Rd3 $11 Qa1+ 39. Kh2) 38... Qd1+ 39. Kh2 Qd6+ 40. Rg3 Rxc6 {And now ...h4 would win.} 41. Qb2 {[%csl Gg3][%cal Rb2g7]} g6 $36 {[%mdl 2048] Black is in control.} 42. Qf6 $2 (42. Kh3 $17) 42... Rc4 $19 {Hoping for ...h4.} 43. Kh3 Rf4 44. Qg5 $2 {[#]} (44. Qb2 Qd8 45. Kh2) 44... Qd1 $1 {[%cal Rd1h1][%mdl 512]} 45. Kh2 Rxf2 46. Rc3 Qd6+ (46... Rf1 $142 47. Qe5 Rh1+ 48. Kg3 h4+ 49. Kf4 Qd2+ 50. Re3 Rf1+ 51. Kg4 Qxg2+ 52. Rg3 hxg3 53. Qe3 {[#]} e5 $1 {[%mdl 512]} 54. a4 Rf5 55. Qh6 Qf3+ 56. Kh4 g2 57. a5 g1=Q 58. Qh8+ Kxh8 59. a6 Rh5#) 47. Kg1 Rf5 48. Qe3 Qd1+ 49. Kh2 Qd6+ (49... Rf1 $142 {( -> ...h4)} 50. Rd3 Rh1+ 51. Kg3 h4+ 52. Kf4 Qh5) 50. Kg1 $1 Rd5 {Strongly threatening ...Rd1+.Black is clearly winning.} 51. a4 (51. Rc8+ $142 Kg7 52. Qc3+ e5 53. Rc6 Rd1+ 54. Kh2) 51... Rd1+ 52. Kf2 Rd2+ 53. Kg1 Qd5 {[%csl Gd2][%cal Rd5g2]} 54. Qg3 Qd4+ 55. Kh2 Kg7 (55... Rd1 $142 56. Qe3 Qh4+ 57. Qh3 Qe1) 56. a5 (56. Rf3 $142) 56... h4 57. Qe3 Qd5 {Precision: White = 22%, Black = 45%.} 0-1

[Event "Kupreichik Memorial Open 2018"]
[Site "Minsk"]
[Date "2018.06.23"]
[Round "9"]
[White "Bernotas, Arturs"]
[Black "Kalinin, Dmitry"]
[Result "1-0"]
[WhiteElo "2407"]
[BlackElo "1995"]
[Annotator "NA"]
[PlyCount "85"]
[EventDate "2018.06.21"]
[EventCountry "BLR"]
[SourceTitle "playchess.com"]
[Source "ChessBase"]
[SourceQuality "1"]
[TimeControl "900+10"]

1. e4 {[%emt 0:02:19]} e6 {[%emt 0:00:05]} 2. c4 {[%emt 0:00:06]} c5 {[%emt 0:00:16]} 3. Nf3 {[%emt 0:00:05]} Nc6 {[%emt 0:00:06]} 4. Be2 {[%emt 0:00:09]} Be7 {[%emt 0:00:20]} 5. O-O {[%emt 0:00:08]} Qc7 {[%emt 0:00:31]} 6. Nc3 {[%emt 0:00:08]} a6 {[%emt 0:00:02]} 7. d4 {[%emt 0:00:04]} cxd4 {[%emt 0:00:01]} 8. Nxd4 {[%emt 0:00:03]} Nf6 {[%emt 0:00:18]} 9. Be3 {[%emt 0:00:03]} O-O {[%emt 0:00:39]} 10. Rc1 {[%emt 0:00:05]} d6 {[%emt 0:00:40]} 11. Nd5 {[%emt 0:00:44]} Qd8 {[%emt 0:04:51]} 12. Nxe7+ {[%emt 0:01:36]} Qxe7 {[%emt 0:00:34]} 13. f3 {[%emt 0:01:07]} Rd8 {[%emt 0:02:34]} 14. Bg5 {[%emt 0:00:20]} h6 {[%emt 0:00:23]} 15. Bh4 {[%emt 0:00:06]} e5 {[%emt 0:01:03]} 16. Nc2 {[%emt 0:00:35]} Be6 {[%emt 0:00:07]} 17. Bf2 {[%emt 0:01:58]} Rac8 {[%emt 0:01:01]} 18. Bb6 {[%emt 0:00:20]} Rf8 {[%emt 0:00:01]} 19. Ne3 {[%emt 0:00:07]} Nd7 {[%emt 0:00:06]} 20. Qb3 {[%emt 0:01:59]} Nxb6 {[%emt 0:01:09]} 21. Qxb6 {[%emt 0:00:04]} Nd4 {[%emt 0:00:05]} 22. Bd3 {[%emt 0:00:09]} Qg5 {[%emt 0:00:08]} 23. Rce1 {[%emt 0:02:38]} Qe7 {[%emt 0:01:13]} 24. f4 {[%emt 0:00:35]} f6 {[%emt 0:00:32]} 25. b3 {[%emt 0:00:23]} Rc6 {[%emt 0:00:26]} 26. Qb4 {[%emt 0:00:08]} Rc5 {[%emt 0:00:55]} 27. Qd2 {[%emt 0:00:22]} b5 {[%emt 0:00:05]} 28. Nd5 {[%emt 0:00:42]} Qd8 {[%emt 0:00:31]} 29. Qf2 {[%emt 0:00:09]} bxc4 {[%emt 0:00:05]} 30. Bxc4 {[%emt 0:00:06]} Bxd5 {[%emt 0:00:26]} 31. Bxd5+ {[%emt 0:00:08]} Kh8 {[%emt 0:00:02]} 32. Bc4 {[%emt 0:00:09]} a5 {[%emt 0:00:15]} 33. Re3 {[%emt 0:00:07]} f5 {[%emt 0:00:23]} 34. exf5 {[%emt 0:00:59]} Nxf5 {[%emt 0:00:24]} 35. fxe5 {[%emt 0:00:07]} dxe5 {[%emt 0:00:30]} 36. Rd3 {[%emt 0:00:57]} Qg5 {[%emt 0:00:08]} 37. Qxc5 {[%emt 0:00:06]} Re8 {[%emt 0:00:14]} 38. Rdf3 {[%emt 0:00:18]} Nh4 {[%emt 0:00:04]} 39. Rf8+ {[%emt 0:00:06]} Kh7 {[%emt 0:00:03]} 40. Bg8+ {[%emt 0:00:09]} Kg6 {[%emt 0:00:01]} 41. Qc6+ {[%emt 0:00:04]} Kh5 {[%emt 0:00:18]} 42. Qxe8+ {[%emt 0:00:05]} g6 {[%emt 0:00:06]} 43. Qc6 {[%emt 0:00:13]} 1-0

[Event "Kupreichik Memorial Open 2018"]
[Site "Minsk"]
[Date "2018.06.23"]
[Round "9"]
[White "Zhukova, Natalia"]
[Black "Kruglikova, Viktorija"]
[Result "1-0"]
[WhiteElo "2356"]
[BlackElo "1839"]
[Annotator "NA"]
[PlyCount "141"]
[EventDate "2018.06.21"]
[EventCountry "BLR"]
[SourceTitle "playchess.com"]
[Source "ChessBase"]
[SourceQuality "1"]
[TimeControl "900+10"]

1. c4 {[%emt 0:00:00]} Nf6 {[%emt 0:00:02]} 2. Nc3 {[%emt 0:00:00]} e5 {[%emt 0:00:02]} 3. Nf3 {[%emt 0:00:00]} Nc6 {[%emt 0:00:01]} 4. g3 {[%emt 0:00:00]} d5 {[%emt 0:00:01]} 5. cxd5 {[%emt 0:00:03]} Nxd5 {[%emt 0:00:01]} 6. Bg2 {[%emt 0:00:02]} Nb6 {[%emt 0:00:01]} 7. O-O {[%emt 0:00:03]} Be7 {[%emt 0:00:04]} 8. a3 {[%emt 0:00:02]} Be6 {[%emt 0:00:04]} 9. b4 {[%emt 0:00:11]} a5 {[%emt 0:00:17]} 10. b5 {[%emt 0:00:31]} Nd4 {[%emt 0:00:14]} 11. Rb1 {[%emt 0:00:53]} a4 {[%emt 0:01:12]} 12. d3 {[%emt 0:01:46]} O-O {[%emt 0:02:44]} 13. Nxe5 {[%emt 0:03:29]} Bf6 {[%emt 0:00:52]} 14. f4 {[%emt 0:00:01]} Nb3 {[%emt 0:01:48]} 15. Bb2 {[%emt 0:01:58]} Bxe5 {[%emt 0:01:59]} 16. fxe5 {[%emt 0:00:01]} Qd4+ {[%emt 0:00:01]} 17. Kh1 {[%emt 0:00:22]} Qxe5 {[%emt 0:00:10]} 18. Nxa4 {[%emt 0:03:57]} Qxb5 {[%emt 0:00:13]} 19. Nxb6 {[%emt 0:00:03]} Qxb6 {[%emt 0:00:31]} 20. d4 {[%emt 0:02:04]} c6 {[%emt 0:02:32]} 21. e4 {[%emt 0:00:24]} Bc4 {[%emt 0:01:33]} 22. Rf3 {[%emt 0:00:06]} Na5 {[%emt 0:01:49]} 23. d5 {[%emt 0:00:16]} Qc7 {[%emt 0:01:08]} 24. Qd4 {[%emt 0:01:11]} f6 {[%emt 0:00:11]} 25. d6 {[%emt 0:00:24]} Qd7 {[%emt 0:00:05]} 26. Bc3 {[%emt 0:00:06]} b5 {[%emt 0:00:08]} 27. Bb4 {[%emt 0:00:28]} Rfe8 {[%emt 0:00:16]} 28. Re3 {[%emt 0:00:17]} Nb7 {[%emt 0:00:12]} 29. e5 {[%emt 0:00:02]} fxe5 {[%emt 0:00:06]} 30. Rxe5 {[%emt 0:00:01]} Rxe5 {[%emt 0:00:17]} 31. Qxe5 {[%emt 0:00:01]} Re8 {[%emt 0:00:01]} 32. Qd4 {[%emt 0:00:22]} Re6 {[%emt 0:00:26]} 33. Bh3 {[%emt 0:00:30]} Bd5+ {[%emt 0:00:23]} 34. Kg1 {[%emt 0:00:01]} Nxd6 {[%emt 0:00:19]} 35. Bxe6+ {[%emt 0:00:08]} Qxe6 {[%emt 0:00:01]} 36. Re1 {[%emt 0:00:06]} Ne4 {[%emt 0:00:16]} 37. Qa7 {[%emt 0:00:33]} h6 {[%emt 0:00:07]} 38. Qb8+ {[%emt 0:00:25]} Kh7 {[%emt 0:00:03]} 39. Qf4 {[%emt 0:00:01]} Qg6 {[%emt 0:00:56]} 40. g4 {[%emt 0:00:15]} Qe6 {[%emt 0:00:25]} 41. Qf5+ {[%emt 0:00:09]} Qxf5 {[%emt 0:00:01]} 42. gxf5 {[%emt 0:00:01]} Kg8 {[%emt 0:00:00]} 43. Ba5 {[%emt 0:00:27]} Kf7 {[%emt 0:00:01]} 44. Bb6 {[%emt 0:00:01]} Nd6 {[%emt 0:00:05]} 45. Rf1 {[%emt 0:00:09]} Be4 {[%emt 0:00:01]} 46. f6 {[%emt 0:00:04]} gxf6 {[%emt 0:00:01]} 47. Kf2 {[%emt 0:00:05]} f5 {[%emt 0:00:01]} 48. Rg1 {[%emt 0:00:08]} Nc4 {[%emt 0:00:08]} 49. Bc5 {[%emt 0:00:01]} Ne5 {[%emt 0:00:02]} 50. Ke2 {[%emt 0:00:10]} Nd3 {[%emt 0:00:34]} 51. Bd4 {[%emt 0:00:05]} Nf4+ {[%emt 0:00:01]} 52. Kd2 {[%emt 0:00:07]} Ne6 {[%emt 0:00:01]} 53. Be3 {[%emt 0:00:06]} f4 {[%emt 0:00:03]} 54. Bxf4 {[%emt 0:00:07]} h5 {[%emt 0:00:49]} 55. Ke3 {[%emt 0:00:07]} Bd5 {[%emt 0:00:01]} 56. Be5 {[%emt 0:00:04]} Bc4 {[%emt 0:00:42]} 57. Ke4 {[%emt 0:00:22]} Nc5+ {[%emt 0:00:12]} 58. Kf5 {[%emt 0:00:11]} Bd3+ {[%emt 0:00:01]} 59. Kg5 {[%emt 0:00:06]} Be2 {[%emt 0:00:07]} 60. Re1 {[%emt 0:00:41]} Ne6+ {[%emt 0:00:02]} 61. Kh4 {[%emt 0:00:09]} Bc4 {[%emt 0:00:38]} 62. Kxh5 {[%emt 0:00:03]} Bd5 {[%emt 0:00:01]} 63. Rf1+ {[%emt 0:00:04]} Ke7 {[%emt 0:00:01]} 64. h4 {[%emt 0:00:12]} c5 {[%emt 0:00:01]} 65. Kg4 {[%emt 0:00:16]} b4 {[%emt 0:00:29]} 66. axb4 {[%emt 0:00:04]} cxb4 {[%emt 0:00:01]} 67. h5 {[%emt 0:00:03]} b3 {[%emt 0:00:25]} 68. h6 {[%emt 0:00:31]} Be4 {[%emt 0:00:02]} 69. Ra1 {[%emt 0:00:05]} Nf8 {[%emt 0:00:09]} 70. Bg7 {[%emt 0:00:07]} Nh7 {[%emt 0:00:09]} 71. Re1 {[%emt 0:00:04]} 1-0

[Event "Kupreichik Memorial Open 2018"]
[Site "Minsk"]
[Date "2018.06.23"]
[Round "9"]
[White "Nomin-Erdene, Davaademberel"]
[Black "Savolainen, Lev P"]
[Result "1-0"]
[WhiteElo "2312"]
[BlackElo "2053"]
[Annotator "NA"]
[PlyCount "67"]
[EventDate "2018.06.21"]
[EventCountry "BLR"]
[SourceTitle "playchess.com"]
[Source "ChessBase"]
[SourceQuality "1"]
[TimeControl "900+10"]

1. e4 {[%emt 0:00:00]} e6 {[%emt 0:00:02]} 2. d4 {[%emt 0:00:00]} d5 {[%emt 0:00:01]} 3. Nc3 {[%emt 0:00:00]} Nf6 {[%emt 0:00:02]} 4. e5 {[%emt 0:00:00]} Nfd7 {[%emt 0:00:01]} 5. f4 {[%emt 0:00:00]} c5 {[%emt 0:00:01]} 6. Nf3 {[%emt 0:00:01]} Nc6 {[%emt 0:00:01]} 7. Be3 {[%emt 0:00:03]} f6 {[%emt 0:00:02]} 8. exf6 {[%emt 0:01:10]} Qxf6 {[%emt 0:00:03]} 9. Nb5 {[%emt 0:03:16]} Qd8 {[%emt 0:00:13]} 10. g3 {[%emt 0:03:15]} Qb6 {[%emt 0:01:12]} 11. Rb1 {[%emt 0:01:23]} a6 {[%emt 0:02:18]} 12. dxc5 {[%emt 0:02:33]} Nxc5 {[%emt 0:00:31]} 13. Nbd4 {[%emt 0:00:46]} Bd6 {[%emt 0:04:23]} 14. Bg2 {[%emt 0:01:08]} O-O {[%emt 0:01:28]} 15. O-O {[%emt 0:00:01]} Bd7 {[%emt 0:00:08]} 16. b4 {[%emt 0:02:40]} Ne4 {[%emt 0:00:33]} 17. Nf5 {[%emt 0:00:01]} Qc7 {[%emt 0:00:04]} 18. Nxd6 {[%emt 0:00:02]} Qxd6 {[%emt 0:00:02]} 19. Qe1 {[%emt 0:00:09]} e5 {[%emt 0:01:06]} 20. Ng5 {[%emt 0:00:16]} Nxg5 {[%emt 0:00:17]} 21. Bc5 {[%emt 0:00:02]} Qe6 {[%emt 0:01:11]} 22. Bxf8 {[%emt 0:00:04]} Nh3+ {[%emt 0:00:57]} 23. Bxh3 {[%emt 0:00:01]} Qxh3 {[%emt 0:00:02]} 24. Bc5 {[%emt 0:00:10]} Bf5 {[%emt 0:00:51]} 25. Qd2 {[%emt 0:01:30]} Be4 {[%emt 0:00:14]} 26. f5 {[%emt 0:00:12]} h5 {[%emt 0:01:41]} 27. f6 {[%emt 0:00:07]} gxf6 {[%emt 0:00:46]} 28. Rxf6 {[%emt 0:00:01]} Qg4 {[%emt 0:00:35]} 29. Rbf1 {[%emt 0:00:17]} Nd4 {[%emt 0:00:26]} 30. Bxd4 {[%emt 0:00:08]} exd4 {[%emt 0:00:03]} 31. Qh6 {[%emt 0:00:09]} Qg7 {[%emt 0:00:22]} 32. Qxh5 {[%emt 0:00:06]} Rc8 {[%emt 0:00:36]} 33. R6f4 {[%emt 0:00:05]} Rc6 {[%emt 0:00:05]} 34. Qe8+ {[%emt 0:00:05]} 1-0

[Event "Kupreichik Memorial Open 2018"]
[Site "Minsk"]
[Date "2018.06.23"]
[Round "9"]
[White "Terletsky, Oleg"]
[Black "Fedorov, Alexei"]
[Result "0-1"]
[WhiteElo "2257"]
[BlackElo "2572"]
[Annotator "TA"]
[PlyCount "56"]
[EventDate "2018.06.21"]
[EventCountry "BLR"]
[SourceTitle "playchess.com"]
[Source "ChessBase"]
[SourceQuality "1"]

{[%evp 24,56,45,43,28,18,37,38,57,31,54,0,0,0,0,0,13,0,40,10,18,-151,-57,-87,-44,-133,-146,-157,-145,-180,-160,-198,-195,-941,-931]} 1. e4 c5 2. Nf3 e6 3. d4 cxd4 4. Nxd4 a6 5. Nc3 b5 6. Bd3 Qb6 7. Nf3 Qc7 8. O-O Bb7 {B43: Sicilian: Kan Variation: 5 Nc3} 9. Re1 Be7 10. e5 (10. Qd2 Nf6 11. Qg5 Kf8 12. Bf4 Qd8 13. e5 Nd5 14. Qg3 Nxf4 15. Qxf4 Bxf3 16. Qxf3 {½-½ (29) Grischuk,A (2772)-Khismatullin,D (2632) Riadh 2017}) 10... f5 11. Nh4 g6 12. Nf3 Nc6 13. a4 {LiveBook: 17 Games} b4 14. Nb1 {[%cal Bc3b1,Bb1d2,Bd2c4][%mdl 32]} Nd8 15. Nbd2 Nf7 16. Nc4 {[#]} Bc5 $146 17. Ng5 (17. a5 $14) 17... Ngh6 $1 $11 18. Nxf7 Nxf7 19. Bf1 O-O 20. b3 Rad8 21. Be3 Bd5 22. f4 $2 ({White should play} 22. Bxc5 $11 Qxc5 23. Qd2) 22... g5 (22... Bxc4 $1 $17 23. Bxc4 Nxe5 $1 {[%mdl 512]} 24. fxe5 Bxe3+ 25. Kh1 (25. Rxe3 $2 Qc5 $19) 25... Qxe5) 23. Kh1 $1 $15 (23. fxg5 Bxc4 24. bxc4 Bxe3+ 25. Kh1 Nxe5 $19) 23... Bxc4 24. Bxc4 ({Better is} 24. Bxc5 $15 Qxc5 25. Bxc4) 24... Bxe3 $17 25. Rxe3 gxf4 {[%cal Bg5f4,Bf4f3][%mdl 32]} 26. Re1 Nxe5 27. Bxa6 {[#]} Ng4 $1 28. Qd4 $2 (28. Qf3) 28... f3 {Precision: White = 28%, Black = 58%.} 0-1

[Event "Kupreichik Memorial Open 2018"]
[Site "Minsk"]
[Date "2018.06.23"]
[Round "9"]
[White "Rakhmangulova, Anastasiya"]
[Black "Kirilin, Dmitrij"]
[Result "1-0"]
[WhiteElo "2244"]
[BlackElo "2026"]
[Annotator "NA"]
[PlyCount "60"]
[EventDate "2018.06.21"]
[EventCountry "BLR"]
[SourceTitle "playchess.com"]
[Source "ChessBase"]
[SourceQuality "1"]
[TimeControl "900+10"]

1. e4 {[%emt 0:00:00]} c5 {[%emt 0:00:01]} 2. Nf3 {[%emt 0:00:00]} d6 {[%emt 0:00:04]} 3. d4 {[%emt 0:00:00]} cxd4 4. Nxd4 {[%emt 0:00:00]} Nf6 {[%emt 0:00:03]} 5. Nc3 {[%emt 0:00:00]} a6 {[%emt 0:00:00]} 6. Bg5 {[%emt 0:00:00]} e6 {[%emt 0:00:02]} 7. f4 {[%emt 0:00:00]} Nbd7 {[%emt 0:00:02]} 8. Qf3 {[%emt 0:00:00]} Qc7 {[%emt 0:00:01]} 9. O-O-O {[%emt 0:00:03]} b5 {[%emt 0:00:01]} 10. Bd3 {[%emt 0:00:03]} Bb7 {[%emt 0:00:03]} 11. Rhe1 {[%emt 0:00:01]} Be7 {[%emt 0:00:01]} 12. Qh3 {[%emt 0:04:37]} b4 {[%emt 0:01:30]} 13. Nb1 {[%emt 0:03:22]} Rc8 {[%emt 0:00:57]} 14. Nd2 {[%emt 0:00:48]} Qb6 {[%emt 0:03:42]} 15. N4b3 {[%emt 0:01:28]} e5 {[%emt 0:02:29]} 16. Nc4 {[%emt 0:00:31]} Qc7 {[%emt 0:00:09]} 17. fxe5 {[%emt 0:02:07]} dxe5 {[%emt 0:00:29]} 18. Bxf6 {[%emt 0:00:27]} Nxf6 {[%emt 0:00:20]} 19. Nba5 {[%emt 0:01:02]} Ba8 {[%emt 0:02:00]} 20. Qg3 {[%emt 0:00:02]} O-O {[%emt 0:00:45]} 21. Qxe5 {[%emt 0:00:29]} Qa7 {[%emt 0:00:14]} 22. Qg3 {[%emt 0:00:34]} Rfd8 {[%emt 0:00:39]} 23. e5 {[%emt 0:00:33]} Nd5 {[%emt 0:00:19]} 24. e6 {[%emt 0:01:23]} fxe6 {[%emt 0:00:49]} 25. Qh3 {[%emt 0:00:29]} h6 {[%emt 0:00:10]} 26. Qxe6+ {[%emt 0:00:02]} Kh8 {[%emt 0:00:03]} 27. Ne5 Bg5+ {[%emt 0:00:51]} 28. Kb1 {[%emt 0:00:30]} Rc7 {[%emt 0:00:43]} 29. Ng6+ {[%emt 0:00:27]} Kh7 {[%emt 0:00:01]} 30. Nf4+ {[%emt 0:00:23]} Kh8 {[%emt 0:00:03]} 1-0

[Event "Kupreichik Memorial Open 2018"]
[Site "Minsk"]
[Date "2018.06.23"]
[Round "9"]
[White "Osmolny, Vladimir I"]
[Black "Meshkov, Yuri A"]
[Result "0-1"]
[WhiteElo "2211"]
[BlackElo "2322"]
[Annotator "NA"]
[PlyCount "58"]
[EventDate "2018.06.21"]
[EventCountry "BLR"]
[SourceTitle "playchess.com"]
[Source "ChessBase"]
[SourceQuality "1"]
[TimeControl "900+10"]

1. c4 {[%emt 0:00:00]} g6 {[%emt 0:00:15]} 2. Nc3 {[%emt 0:00:00]} Bg7 {[%emt 0:00:03]} 3. g3 {[%emt 0:00:45]} c5 {[%emt 0:00:02]} 4. Bg2 {[%emt 0:00:02]} Nc6 {[%emt 0:00:01]} 5. e3 {[%emt 0:00:15]} Nh6 {[%emt 0:00:09]} 6. Nge2 {[%emt 0:00:16]} Nf5 {[%emt 0:00:03]} 7. d3 {[%emt 0:00:31]} a6 {[%emt 0:00:12]} 8. O-O {[%emt 0:00:14]} Rb8 {[%emt 0:00:01]} 9. a4 {[%emt 0:00:45]} O-O {[%emt 0:00:43]} 10. h3 {[%emt 0:00:46]} d6 {[%emt 0:00:24]} 11. Kh2 {[%emt 0:00:26]} Bd7 {[%emt 0:00:23]} 12. Bd2 {[%emt 0:01:20]} Nb4 {[%emt 0:00:46]} 13. Be1 {[%emt 0:00:09]} Bc6 {[%emt 0:00:31]} 14. Bxc6 {[%emt 0:00:48]} bxc6 {[%emt 0:00:06]} 15. g4 {[%emt 0:00:10]} Nh6 {[%emt 0:00:07]} 16. f4 {[%emt 0:00:25]} f5 {[%emt 0:00:01]} 17. Ng3 {[%emt 0:00:17]} fxg4 {[%emt 0:00:42]} 18. hxg4 {[%emt 0:00:05]} Qd7 {[%emt 0:00:00]} 19. Kh3 {[%emt 0:01:36]} e5 {[%emt 0:01:42]} 20. Rb1 {[%emt 0:01:38]} exf4 {[%emt 0:00:08]} 21. exf4 {[%emt 0:00:13]} Rbe8 {[%emt 0:01:37]} 22. Nce4 {[%emt 0:00:21]} a5 {[%emt 0:00:39]} 23. Bc3 {[%emt 0:00:19]} Bd4 {[%emt 0:01:09]} 24. Bxd4 {[%emt 0:00:36]} cxd4 {[%emt 0:00:02]} 25. c5 {[%emt 0:04:58]} d5 {[%emt 0:00:08]} 26. Nd6 {[%emt 0:00:19]} Re3 {[%emt 0:00:03]} 27. Kh4 {[%emt 0:01:11]} Nxd3 {[%emt 0:01:18]} 28. g5 {[%emt 0:00:19]} Nxf4 {[%emt 0:00:33]} 29. Rf2 {[%emt 0:00:15]} Qh3# {[%emt 0:00:05]} 0-1